| 000 | 00727 a2200253 4500 | ||
|---|---|---|---|
| 999 |
_c114696 _d114696 |
||
| 003 | BJBSDDR | ||
| 005 | 20230411090702.0 | ||
| 007 | ta | ||
| 008 | 250920b2011 mx ||||| |||| 00| 0 spa d | ||
| 020 | _a9789682448515 | ||
| 040 |
_bspa _cBJBSDDR |
||
| 041 | _aspa | ||
| 050 | 0 | 0 |
_aPN 4781 _bD364r 2011 |
| 082 | 0 | 0 | _a070.4 |
| 100 | 1 | _adel Río Reynaga, Julio, | |
| 245 | 1 | 3 |
_aEl reportaje : _bperiodismo interpretativo / _cJulio del Río Reynaga |
| 260 |
_aMéxico, D.F. : _bEditorial Trillas, _c2011 |
||
| 300 |
_a195 p.: _bill.; _c24 cm |
||
| 500 | _aTitulo anterior (Periodismo interpretativo. El reportaje). | ||
| 650 | 0 |
_aPeriodismo _91333 |
|
| 650 | 0 |
_aReportajes _91322 |
|
| 942 |
_2lcc _cBK |
||
| 946 | _idpf | ||